RESEARCH METHODOLGY (Record no. 3939)

MARC details
000 -LEADER
fixed length control field 00361nam a2200145Ia 4500
008 - FIXED-LENGTH DATA ELEMENTS--GENERAL INFORMATION
fixed length control field 150201s2004 xx 000 0 und d
082 ## - DEWEY DECIMAL CLASSIFICATION NUMBER
Classification number 1.42
Item number R2004K
100 ## - MAIN ENTRY--PERSONAL NAME
Personal name KOTHARI,C.R
245 ## - TITLE STATEMENT
Title RESEARCH METHODOLGY
250 ## - EDITION STATEMENT
Edition statement 1ST
260 ## - PUBLICATION, DISTRIBUTION, ETC. (IMPRINT)
Name of publisher, distributor, etc. NEW AGE INTERNATIONAL PUBLISHERS
Place of publication, distribution, etc. DELHI
Date of publication, distribution, etc. 2004
300 ## - PHYSICAL DESCRIPTION
Extent 1-400
650 ## - SUBJECT ADDED ENTRY--TOPICAL TERM
Topical term or geographic name as entry element GENERAL DENTISTRY
942 ## - ADDED ENTRY ELEMENTS (KOHA)
Source of classification or shelving scheme Dewey Decimal Classification
Koha item type Books
Holdings
Withdrawn status Lost status Source of classification or shelving scheme Damaged status Not for loan Home library Current library Date acquired Source of acquisition Cost, normal purchase price Serial Enumeration / chronology SGTU Bill Number Total Checkouts Full call number Barcode Date last seen Bill Date Koha item type Date last checked out
    Dewey Decimal Classification     SGT Dental Library SGT Dental Library 18/02/2008 U.B.S.DELHI 200.00 1 SGTU 1023   1.42 R2004K FD4954 09/02/2015 10/01/2013 Books  
    Dewey Decimal Classification     SGT Dental Library SGT Dental Library 18/02/2008 U.B.S.DELHI 200.00 1 SGTU 1023 2 1.42 R2004K FD4955 07/08/2021 10/01/2013 Books 07/08/2021
    Dewey Decimal Classification     SGT Dental Library SGT Dental Library 18/02/2008 U.B.S.DELHI 200.00 1 SGTU 1023   1.42 R2004K FD4956 09/02/2015 10/01/2013 Books  
    Dewey Decimal Classification     SGT Dental Library SGT Dental Library 18/02/2008 U.B.S.DELHI 200.00 1 SGTU 1023   1.42 R2004K FD4957 09/02/2015 10/01/2013 Books